书目信息 |
| 题名: |
女检察长
|
|
| 作者: | 刘学文 著 | |
| 分册: | ||
| 出版信息: | 北京 长征出版社 2009.01 |
|
| 页数: | 354页 | |
| 开本: | 25cm | |
| 丛书名: | ||
| 单 册: | ||
| 中图分类: | I247.5 | |
| 科图分类: | ||
| 主题词: | 长篇小说--中国--当代 | |
| 电子资源: | ||
| ISBN: | 978-7-80204-492-0 | |
| 000 | 00961nam0 2200217 450 | |
| 001 | 0011140547 | |
| 005 | 20100613172514.48 | |
| 010 | @a978-7-80204-492-0@dCNY32.80 | |
| 100 | @a20100515d2009 em y0chiy0110 ea | |
| 101 | 0 | @achi |
| 102 | @aCN@b110000 | |
| 105 | @ay z 000ay | |
| 200 | 1 | @a女检察长@Anu jian cha chang@f刘学文著 |
| 210 | @a北京@c长征出版社@d2009.01 | |
| 215 | @a354页@d25cm | |
| 330 | @a银海市希望大道通车典礼的当天,参与通车典礼剪彩的省市领导人的专车被愤怒的群众拦截在金色阳光花园住宅小区的附近。市公安局对此采取了紧急措施,带头闹事的人被抓了起来……就在事情发生的第二天,省城金山市检察院检察长杜雨萌一班人马受省高检的指派,肩负着使命,悄然进入银海市。他们从金色阳光花园事件入手,很快发现,他们要找的人正是被公安局抓起来的人之一,而且就在他们还没有与他见面时,那个人就已经命殒车轮之下…… | |
| 606 | 0 | @a长篇小说@y中国@z当代 |
| 690 | @aI247.5@v4 | |
| 701 | 0 | @a刘学文@Aliu xue wen@4著 |
| 801 | 0 | @aCN@c20100515 |
| 905 | @dI247.5@eL6902@f3 | |
| 女检察长/刘学文著.-北京:长征出版社,2009.01 |
| 354页;25cm |
| ISBN 978-7-80204-492-0:CNY32.80 |
| 银海市希望大道通车典礼的当天,参与通车典礼剪彩的省市领导人的专车被愤怒的群众拦截在金色阳光花园住宅小区的附近。市公安局对此采取了紧急措施,带头闹事的人被抓了起来……就在事情发生的第二天,省城金山市检察院检察长杜雨萌一班人马受省高检的指派,肩负着使命,悄然进入银海市。他们从金色阳光花园事件入手,很快发现,他们要找的人正是被公安局抓起来的人之一,而且就在他们还没有与他见面时,那个人就已经命殒车轮之下…… |
| ● |
| 相关链接 |
|
|
|
正题名:女检察长
索取号:I247.5/L6902
 
预约/预借
| 序号 | 登录号 | 条形码 | 馆藏地/架位号 | 状态 | 备注 |